| 000 | 00472nam a2200181 4500 | ||
|---|---|---|---|
| 001 | 7350 | ||
| 005 | 20230411085731.0 | ||
| 008 | 060907n1989 dr spa | ||
| 020 | _a0816399360 | ||
| 035 | _9funglode7414 | ||
| 041 | _aES | ||
| 050 | 1 | 4 | _aRA776J77o1989 |
| 100 | _aJones, Lucie H. | ||
| 245 | 1 | _aOcho recursos para vivir sano y feliz | |
| 260 |
_aFlorida : _bAsociación Publicadora Interamericana, _c1989 |
||
| 300 | _a75 p. | ||
| 942 |
_2lcc _cbk |
||
| 999 |
_c106674 _d106674 |
||